| 000 | 00783cam a22002534a 4500 | ||
|---|---|---|---|
| 001 | 12539801 | ||
| 005 | 20180129051457.0 | ||
| 008 | 010920s2002 deua b 001 0 eng | ||
| 010 | _a 2001005664 | ||
| 020 | _a0872071723 | ||
| 040 |
_aDLC _cDLC _dDLC |
||
| 041 | _aeng | ||
| 042 | _apcc | ||
| 043 | _an-us--- | ||
| 080 | _a372.47 MAU | ||
| 082 | 0 | 0 |
_a372.47 MAU _221 |
| 100 | 1 | _a46 | |
| 101 | _aEDU | ||
| 245 | 1 | 0 |
_aGuided comprehension : _cMaureen McLaughlin, Mary Beth Allen. |
| 504 | _aIncludes bibliographical references (p. 253-260) and index. | ||
| 906 |
_a7 _bcbc _corignew _d1 _eecip _f20 _gy-gencatlg |
||
| 942 |
_2ddc _cBK |
||
| 999 |
_c41142 _d41142 |
||